000 01352nam0a2200313 4500
001 RU\NLR\bibl\157173
005 20240920080551.0
020 _aRU-8930
_9Летопись авторефератов диссертаций
021 _aRU
_b98-09310a
035 _a(NLR Aleph) 000154151
090 _a885316
_c885316
100 _a20000615d1998 u u0rusy50 ca
101 0 _arus
102 _aRU
105 _aa dm |||||
200 1 _aТеоретические и методические основы физической рекреации
_e(На прим. занятий с отягощениями)
_eАвтореф. дис. на соиск. учен. степ. д.п.н.
_eСпец. 13.00.04
_fС.-Петерб. гос. акад. физ. культуры им. П.Ф. Лесгафта
210 _aСПб.
_d1998
215 _a51 с.
_cил.
_d21
320 _aБиблиогр.: с. 47-51 (58 назв.)
610 0 _aФармацевтические науки
686 _a13.00.04
_2oksvnk
700 1 _aВиноградов
_bГ. П.
_cд-р пед. наук, спорт
_gГеннадий Петрович
_9154411
_3RU\NLR\AUTH\770154449
801 0 _aRU
_bRKP
_c20000615
_gPSBO
801 1 _aRU
_bRKP
_c20000615
801 2 _aRU
_bNLR
_c20010528
_grcr
852 _aNLR
_jА98/9310
942 _cBOOK